Відстані (Запис № 335115)

МАРК-запис
000 -Лідер
fixed length control field 00654nam a22002417a 4500
001 - Контрольний номер
control field 48994
003 - Ідентифікатор контрольного номера
control field UA-OsUOA
005 - Дата та час останнього входження (трансакції)
control field 20191218122930.0
007 - Фіксоване поле фізичного опису
fixed length control field ta
008 - Елементи даних фіксованої довжини – загальна інформація
fixed length control field 20070913b un ||||| |||| 00| 0 ukr d
040 ## - Джерело каталогізації
Агенція оригінальної каталогізації UA-OsUOA
Мова каталогізації ukr
Агенція, яка здійснювала перезапис UA-OsUOA
Агенція, яка здійснювала модифікацію UA-OsUOA
041 ## - Код мови
Код мови тексту/ звукової доріжки чи окремого заголовка (П) ukr
080 ## - Індекс Універсальної десяткової класифікації
Індекс Універсальної десяткової класифікації (УДК) (НП) 821.161.2
090 ## - Локальний шифр розміщення
Класифікаційний індекс УДК 821.161.2
Авторський знак (НП) Ж87
100 ## - Основне введення – ім’я особи
Ім’я особи (НП) Жулинський М.
245 ## - Відомості про назву
Назва (НП) Відстані
260 ## - Публікація, розповсюдження і т.п. (Вихідні дані)
Місце публікації, розповсюдження і т.п. (П) К.
Ім’я/ наймення видавництва, розповсюджувача і т.п. (П) Таля
Дата публікації, розповсюдження і т.п. (П) 2006
-- 2006
300 ## - Фізичний опис
Обсяг 160 с.
650 #7 - Додаткове предметне введення – тематичний термін
Тематичний термін чи географічна назва, як елемент введення (НП) 82 Література. Літературознавство
Джерело заголовка чи терміна UDC
942 ## - Додаткові елементи входу (Коха)
Тип елемента Koha Книги
Source of classification or shelving scheme Universal Decimal Classification
955 ## - Код типу видання за змістом
Код типу видання за змістом (НП) Літературно-художні видання
Фонди
Стан вилучень Стан втрат Джерело класифікації або схеми стелажів Стан уражень Не для кредиту Постійне місце розташування Поточне розміщення Дата придбання Джерело придбання Вартість, звичайна ціна покупки Інвентарний номер Усього замовленно Повний номер виклику Штрих-код Дата останнього перегляду Ціна ефективна від Тип елемента Koha Код колекції
    Universal Decimal Classification     АБ - Абонемент НБ АБ - Абонемент НБ 29/01/2007 11/2007 3.00 102679   82-94(477) Ж87 102679 10/02/2022 29/01/2007 Книги  
    Universal Decimal Classification     АБ - Абонемент НБ АБ - Абонемент НБ 29/01/2007 11/2007 3.00 102680   82-94(477) Ж87 102680 10/02/2022 29/01/2007 Книги  
    Universal Decimal Classification     АБ - Абонемент НБ АБ - Абонемент НБ 29/01/2007 11/2007 3.00 102681   82-94(477) Ж87 102681 10/02/2022 29/01/2007 Книги  
    Universal Decimal Classification     АБ - Абонемент НБ АБ - Абонемент НБ 29/01/2007 11/2007 3.00 102682   82-94(477) Ж87 102682 10/02/2022 29/01/2007 Книги  
    Universal Decimal Classification     АБ - Абонемент НБ АБ - Абонемент НБ 29/01/2007 11/2007 3.00 102683   82-94(477) Ж87 102683 10/02/2022 29/01/2007 Книги  
    Universal Decimal Classification     АБ - Абонемент НБ АБ - Абонемент НБ 29/01/2007 11/2007 3.00 102684   82-94(477) Ж87 102684 10/02/2022 29/01/2007 Книги  
    Universal Decimal Classification     ЧЗ - Читальна зала ЧЗ - Читальна зала 13/09/2007 142/2007 5.00 107543   821.161.2 Ж87 107543 06/02/2022 13/09/2007 Книги Колекція Жулинського М.Г.
    Universal Decimal Classification     ЧЗ - Читальна зала ЧЗ - Читальна зала 13/09/2007 142/2007 5.00 107544   821.161.2 Ж87 107544 06/02/2022 13/09/2007 Книги Колекція Жулинського М.Г.